000 00553nam a2200217Ia 4500
005 20241129120319.0
008 241129s9999||||xx |||||||||||||| ||und||
020 _a9789391950361
037 _aTB
040 _aSDCL
_beng
_cSDCL
041 _ahin
_2hin
084 _aO152,1N57x R3
_qSDCL
100 _aAmbuj Kumar
_9393161
245 0 _aUpshirshak
260 _aDelhi
_bRajkamal prakashan India
_c2022
300 _a143p
365 _aINR
_b495
650 _aHindi
942 _cTB
_hO152,1N57x R3
999 _c1234289
_d1234289